| 000 | 01217nam a2200253Ia 4500 | ||
|---|---|---|---|
| 003 | OSt | ||
| 005 | 20210519181538.0 | ||
| 008 | 210310s1979 mx gr 000 0 spa d | ||
| 040 |
_aCO-JMCR _cCO-JMCR |
||
| 041 | 0 | _aspa | |
| 082 | 0 | 4 |
_a330.98 / _bS718s _223 |
| 100 | 1 |
_aStavenhagen, Rodolfo, _eautor _926258 |
|
| 245 | 1 | 0 |
_aSociología y subdesarrollo / _cRodolfo Stavenhagen |
| 250 | _aOctava edición | ||
| 260 |
_aMéxico : _bNuestro tiempo, _c1979. |
||
| 300 |
_a236 páginas ; _c17 cm. |
||
| 490 | 0 | _aLa cultura al pueblo | |
| 500 | _a#N/A | ||
| 504 | _aBibliografía : páginas 235-236. | ||
| 505 | _aSiete tesis equivocadas sobre América Latina. -- El futuro de América Latina: entre el subdesarrollo y la revolución. -- Marginalidad, participación y estructura agraria en América Latina. -- La comunidad Rural en los países subdesarrollados. -- Marginalidad y participación en la reforma agraria mexicana. -- Un modelo para el estudio de las organizaciones políticas en México. -- Estructura social y subdesarrollo. -- ¿Cómo descolonizar las ciencias sociales? | ||
| 650 | 1 | 4 |
_aSubdesarrollo _zAmérica Latina _926260 |
| 650 | 1 | 4 |
_aMarginalidad social _zMéxico _937697 |
| 942 |
_2ddc _cBK |
||
| 999 |
_c11712 _d11712 |
||